| 000 | 00345nam a2200109Ia 4500 | ||
|---|---|---|---|
| 008 | 220204s9999 xx 000 0 und d | ||
| 082 |
_a025.343(083) _bRAN |
||
| 100 | _aRanganathan, S R | ||
| 245 | 0 | _aClassified catalogue code with additional rules for dictionary catalogue code | |
| 260 |
_aMadras _bMadras Library Association6c1958 |
||
| 942 | _cBK | ||
| 999 |
_c20404 _d20404 |
||